Дело о назначении пенсий и пособий чиновникам, вдовам и сиротам

Доступно только в Электронных читальных залах Найти на картеНа карте
RUSMARC
00003592nmc2a2200000 x 450
001ac8fb737-d49a-4d4b-ae33-e1a4be4f3db6
00520160627163425.0
100##$a20151106l18371837k l0rusy0189 ca
1010#$arus
102##$aRU
2001#$aДело о назначении пенсий и пособий чиновникам, вдовам и сиротам
$j2 января - 24 апреля 1837 г.
$hЧасть 1
251##$cДело
300##$aДело
801#0$aRU
$bРГИА
$c20151106
$gRCR
801#1$aRU
$bГлавНИВЦ
$c20151106
$2rusmarc
801#2$aRU
$bПБ им. Б.Н. Ельцина
$c20160627
$gRCR
$2rusmarc
850##$aРГИА
852##$aРГИА
$eФедеральное казенное учреждение "Российский государственный исторический архив" (РГИА)
$j115
$lа
937##$hРГИА
$d12180548
$aASBIBLIO_SCAN
461#0$10013e300ed0-cd39-49af-8489-5ba5b90fa401
$12001
$aДепартамент полиции исполнительной МВД
$1251
$cФонд
$1852
$j1286
215##$a630 л.
$d36,5х26 см
371##$aДокумент не является опубликованным и широко распространяемым
105##$ay###
1222#$ad
462#0$1001cf8ff823-a729-4add-9722-5203028a801d
$12001
$a1835-1837 гг. Дела Департамента полиции исполнительной МВД за 1837 г.
$1251
$cОпись
$1852
$j6
$l1837 г.
035##$aac8fb737-d49a-4d4b-ae33-e1a4be4f3db6
Формат отображения